| Tag |
First Indicator |
Second Indicator |
Subfields |
| LEADER |
00000cem a2200000 a 4500 |
| 001 |
in00000857749 |
| 005 |
20151019080339.0 |
| 007 |
aj canzn |
| 008 |
850114m19009999mouacg cc b f 1 eng d |
| 010 |
|
|
|a gp 86018024
|
| 034 |
1 |
|
|a a
|b 1000000
|d E0650000
|e E0770000
|f N0320000
|g N0240000
|
| 035 |
|
|
|9 AEE9176AM
|
| 037 |
|
|
|a ONCXXH08
|b DMA
|
| 040 |
|
|
|a GPO
|c GPO
|d MvI-cor
|d UtOrBLW
|
| 052 |
|
|
|a 7401
|
| 052 |
|
|
|a 6966
|
| 052 |
|
|
|a 5671
|
| 074 |
|
|
|a 379-A-4
|
| 086 |
0 |
|
|a D 5.322:H-8
|
| 110 |
2 |
|
|a Aerospace Center (U.S.)
|
| 245 |
1 |
0 |
|a Operational navigation chart, [Asia and Eastern Europe] :
|b Afghanistan, India, Pakistan /
|c prepared and published by the Defense Mapping Agency Aerospace Center.
|
| 250 |
|
|
|a Ed. 7.
|
| 255 |
|
|
|a Scale 1:1,000,000 ;
|b Lambert conformal conic proj., standard parallels 2520ʹand 3040ʹ
|c (E 65--E 77/N 32--N 24).
|
| 264 |
|
1 |
|a St. Louis, Mo. :
|b The Center ;
|c [between 1900 and 1999]
|
| 264 |
|
2 |
|a Riverdale, MD :
|b NOAA Distribution Branch (N/CG33), National Ocean Service [distributor],
|
| 300 |
|
|
|a maps :
|b color ;
|c on sheets 105 x 146 cm. folded to 27 x 37 cm.
|
| 336 |
|
|
|a cartographic image
|b cri
|2 rdacontent
|
| 337 |
|
|
|a unmediated
|b n
|2 rdamedia
|
| 338 |
|
|
|a sheet
|b nb
|2 rdacarrier
|
| 490 |
1 |
|
|a ONC ;
|v H-8
|
| 500 |
|
|
|a Relief shown by contours, tints, and spot heights.
|
| 500 |
|
|
|a "Air information current through 18 May 1982."
|
| 500 |
|
|
|a Includes index to adjoining sheets.
|
| 500 |
|
|
|a Cartographic material.
|
| 650 |
|
0 |
|a Aeronautical charts
|z Asia.
|
| 740 |
0 |
|
|a Afghanistan, India, Pakistan.
|
| 830 |
|
0 |
|a ONC ;
|v H-8.
|
| 999 |
|
|
|a MARS
|
| 999 |
f |
f |
|s 621e3de9-2f83-3a6a-8817-d18a7e376a08
|i e94cae6c-9822-3515-b150-69f934e456ca
|t 0
|
| 952 |
f |
f |
|p normal
|a Texas A&M University
|b College Station
|c Sterling C. Evans Library
|d Evans: Maps (2nd floor)
|t 0
|e G3201.P6 s1000.U5 ONC H-8
|h Library of Congress classification
|i unmediated -- sheet
|m A14815488977
|
| 998 |
f |
f |
|a G3201.P6 s1000.U5 ONC H-8
|t 0
|l Evans: Maps (2nd floor)
|